| 000 | 00441nam a2200145Ia 4500 | ||
|---|---|---|---|
| 008 | 100415s9999 xx 000 0 und d | ||
| 082 |
_b5382 _a595.789(54) |
||
| 100 | _aPeile H.D. | ||
| 245 | _aA guide to collection of butterflies in India | ||
| 260 |
_aLONDON _c1937 _bSTAPLES PRESS |
||
| 365 | _b0 | ||
| 630 | _aA guide to collection of butterflies in India | ||
| 730 | _aA guide to collection of butterflies in India | ||
| 942 | _cBOOK | ||
| 999 |
_c588364 _d588361 |
||